[Event "XIII. DBMM 2013"]
[Site "?"]
[Date "2013.09.27"]
[Round "4.3"]
[White "Van Eibergen, Robert"]
[Black "Wilkens, Lars"]
[Result "1/2-1/2"]
[WhiteElo "1321"]
[BlackElo "1838"]
[PlyCount "91"]
[EventDate "2013.01.19"]

1. d4 d5 2. Nf3 Nf6 3. e3 Bf5 4. c4 c6 5. Qb3 Qb6 6. Qxb6 axb6 7. Nc3 e6 8. Nh4
Bg6 9. Nxg6 hxg6 10. cxd5 exd5 11. Bd3 b5 12. O-O Bd6 13. h3 Nbd7 14. e4 dxe4
15. Nxe4 Nxe4 16. Bxe4 Nf6 17. Bf3 O-O 18. Bd2 Rfd8 19. Bg5 Be7 20. Rfe1 Kf8
21. Red1 Ra4 22. Be3 Nd5 23. b3 Ra6 24. Rd2 b4 25. Rc2 f5 26. Be2 Raa8 27. Bc4
Bf6 28. Rd1 f4 29. Bd2 Nc3 30. Bxc3 bxc3 31. Rxc3 Rxa2 32. Rcd3 b5 33. Be6 Rd6
34. d5 c5 35. Rc1 Bd4 36. Rf3 g5 37. g3 Ke8 38. gxf4 gxf4 39. Rxf4 Rda6 40. Re1
Ra1 41. Bf7+ Kd8 42. Rxa1 Rxa1+ 43. Kg2 Rb1 44. Rf3 Ke7 45. Be6 Kd6 46. Kg3
1/2-1/2

[Event "XIII. DBMM 2013"]
[Site "?"]
[Date "2013.09.27"]
[Round "4.1"]
[White "Keuchen, Michael"]
[Black "Lutterbey, Ralf"]
[Result "1-0"]
[WhiteElo "2050"]
[BlackElo "1887"]
[PlyCount "75"]
[EventDate "2013.01.19"]

1. d4 d5 2. Qd3 Nf6 3. Nc3 c5 4. Bg5 e6 5. Nf3 c4 6. Qd2 Bb4 7. Ne5 Qa5 8. Bxf6
gxf6 9. Ng4 f5 10. Nf6+ Ke7 11. Nh5 Rg8 12. g3 Nd7 13. Bg2 Nb6 14. a3 Bd7 15.
Rb1 Bxc3 16. Qxc3 Qxc3+ 17. bxc3 Rab8 18. f3 Na4 19. Kd2 Bc6 20. Nf4 f6 21. e3
b5 22. Rhe1 e5 23. Nh3 a6 24. Nf2 Kd6 25. e4 fxe4 26. fxe4 Rbf8 27. Re2 Nb6 28.
Rbe1 Nd7 29. Bh3 exd4 30. cxd4 Re8 31. exd5 Rxe2+ 32. Rxe2 Bxd5 {(R)} 33. Ne4+
Bxe4 34. Rxe4 Rg5 35. Re6+ Kd5 36. Rxa6 f5 37. c3 Rh5 38. Bg2# 1-0

[Event "XIII. DBMM 2013"]
[Site "?"]
[Date "2013.09.27"]
[Round "4.2"]
[White "Brauer, Frank"]
[Black "Raum, Norbert"]
[Result "1-0"]
[WhiteElo "1887"]
[BlackElo "1835"]
[PlyCount "61"]
[EventDate "2013.01.19"]

1. e4 e6 2. d4 b6 3. c4 Bb7 4. Nc3 Bb4 5. Bd3 f5 6. f3 fxe4 7. fxe4 Bxe4 8.
Bxe4 Qh4+ 9. Kf1 Bxc3 10. Bxa8 Bxd4 11. g3 Qf6+ 12. Qf3 Bxb2 13. Qxf6 Bxf6 14.
Rb1 c6 15. Bb7 Ne7 16. Nf3 O-O 17. Kg2 Nf5 18. Bf4 e5 19. Nxe5 Bxe5 20. Bxe5
Ne3+ 21. Kg1 Nxc4 22. Bxb8 Rxb8 23. Ba6 b5 24. a4 Rb6 25. axb5 cxb5 26. Bc8 Rd6
27. Bb7 Rd2 28. h4 Na3 29. Rb3 Ra2 30. Bd5+ Kh8 31. Rf3 1-0

[Event "XIII. DBMM 2013"]
[Site "?"]
[Date "2013.09.27"]
[Round "4.3"]
[White "Hoffeins, Hans-Werner"]
[Black "Klowski, Bjoern Sigurd"]
[Result "1/2-1/2"]
[WhiteElo "1794"]
[BlackElo "1400"]
[PlyCount "55"]
[EventDate "2013.01.19"]

1. e4 e6 2. Nf3 d5 3. Nc3 d4 4. Ne2 c5 5. c3 Nc6 6. cxd4 cxd4 7. Qa4 Bc5 8. b4
Bxb4 9. Nexd4 a5 10. Nxc6 bxc6 11. a3 Be7 12. Bb2 Nf6 13. Be2 Bd7 14. Ne5 Qb6
15. Nxd7 Kxd7 16. Bd4 Qc7 17. e5 Ne4 18. O-O Rhb8 19. Rfc1 f6 20. f4 fxe5 21.
Bxe5 Qb6+ 22. Qd4+ Qxd4+ 23. Bxd4 Bf6 24. Bxf6 Nxf6 25. Rc2 Rb6 26. Rac1 Rab8
27. Bf3 Nd5 28. f5 1/2-1/2

[Event "XIII. DBMM 2013"]
[Site "?"]
[Date "2013.09.27"]
[Round "4.4"]
[White "Duemmler, Rudolf"]
[Black "Hein, Andrea"]
[Result "1/2-1/2"]
[WhiteElo "1169"]
[BlackElo "1449"]
[PlyCount "55"]
[EventDate "2013.01.19"]

1. c4 e5 2. Nc3 Nf6 3. d4 exd4 4. Qxd4 Nc6 5. Qd1 Bc5 6. Bg5 Be7 7. Nf3 O-O 8.
e3 d6 9. h3 h6 10. Bf4 a6 11. Bd3 Be6 12. O-O Re8 13. a3 Nd7 14. Qc2 Nb6 15.
Ne2 Bf6 16. Rad1 Qe7 17. b4 Ne5 18. Nxe5 Bxe5 19. Bxe5 dxe5 20. c5 Nd5 21. Kh1
c6 22. Rfe1 Qf6 23. Ng3 Qh4 24. Bf5 Kh8 25. Bxe6 Rxe6 26. Nf5 Qh5 27. Nd6 Rb8
28. Qf5 1/2-1/2

[Event "XIII. DBMM 2013"]
[Site "?"]
[Date "2013.09.27"]
[Round "4.1"]
[White "Prusikin, Michael"]
[Black "Gottschalk, Jens"]
[Result "1-0"]
[WhiteElo "2555"]
[BlackElo "2268"]
[PlyCount "73"]
[EventDate "2013.01.19"]

1. e4 c5 2. d3 Nc6 3. f4 g6 4. Nf3 Bg7 5. Be2 e6 6. O-O Nge7 7. c3 O-O 8. Na3
d5 9. e5 a6 10. d4 cxd4 11. cxd4 b5 12. Nc2 b4 13. Be3 a5 14. Nce1 Qb6 15. Bf2
Bh6 16. Nd3 Ba6 17. Nc5 Bxe2 18. Qxe2 Ra7 19. g3 Rc8 20. h4 Nb8 21. Rac1 Nec6
22. h5 Nd7 23. hxg6 hxg6 24. Kg2 Nxc5 25. dxc5 Qa6 26. Qd1 Bg7 27. Rh1 Ne7 28.
g4 Rac7 29. Bh4 Qa7 30. Qd4 Qa6 31. Qf2 Kf8 32. Bf6 Ng8 33. f5 Qa7 34. Rh7 Bxf6
35. exf6 Rxc5 36. Ne5 d4 37. Rxc5 1-0

[Event "XIII. DBMM 2013"]
[Site "?"]
[Date "2013.09.27"]
[Round "4.2"]
[White "Werner, Gregor"]
[Black "Guth, Thomas"]
[Result "1/2-1/2"]
[WhiteElo "2152"]
[BlackElo "2283"]
[PlyCount "74"]
[EventDate "2013.01.19"]

1. d4 e6 2. Nf3 Nf6 3. e3 b6 4. Bd3 Bb7 5. O-O Be7 6. c4 c5 7. Nc3 d6 8. b3
Nbd7 9. Bb2 O-O 10. Qe2 Rc8 11. Rac1 Qc7 12. Rfd1 a6 13. Bb1 Rfd8 14. d5 exd5
15. cxd5 b5 16. Qc2 g6 17. Ne4 Nxe4 18. Qxe4 Bf6 19. Bxf6 Nxf6 20. Qh4 Kg7 21.
e4 Re8 22. Re1 Qd7 23. h3 a5 24. Qg5 h6 25. Qd2 Qd8 26. Re3 b4 27. Bd3 Kh7 28.
Rce1 Qb6 29. Bc4 Nd7 30. e5 dxe5 31. Nxe5 Nxe5 32. Rxe5 Rxe5 33. Rxe5 Qf6 34.
Qe3 Rd8 35. f4 Kg7 36. g3 Qd6 37. Kf2 Ba8 1/2-1/2

[Event "XIII. DBMM 2013"]
[Site "?"]
[Date "2013.09.27"]
[Round "4.3"]
[White "Schramm, Christian"]
[Black "Lipp, Hubert"]
[Result "1-0"]
[WhiteElo "2396"]
[BlackElo "2064"]
[PlyCount "53"]
[EventDate "2013.01.19"]

1. e4 e5 2. Nf3 Nf6 3. Nxe5 d6 4. Nf3 Nxe4 5. Nc3 Nxc3 6. dxc3 Nc6 7. Be3 Bf5
8. Qd2 Qd7 9. h3 Be7 10. O-O-O O-O-O 11. Nd4 a6 12. Nxf5 Qxf5 13. Bc4 h5 14.
Bd5 Bf6 15. Bxf7 Bxc3 16. Qd5 Qxd5 17. Rxd5 Be5 18. f4 Ne7 19. fxe5 Nxd5 20.
Be6+ Kb8 21. Bxd5 dxe5 22. Be4 Rd6 23. b4 Kc8 24. h4 b6 25. Rh3 Rf8 26. Kb2 Rf1
27. Bd3 1-0

[Event "XIII. DBMM 2013"]
[Site "?"]
[Date "2013.09.27"]
[Round "4.4"]
[White "Launert, Martin"]
[Black "Buescher, Henrik"]
[Result "1/2-1/2"]
[WhiteElo "1882"]
[BlackElo "2112"]
[PlyCount "24"]
[EventDate "2013.01.19"]

1. e4 c6 2. d4 d5 3. Nc3 dxe4 4. Nxe4 Nf6 5. Nxf6+ gxf6 6. Bc4 Bf5 7. Ne2 e6 8.
Bf4 Bd6 9. c3 Qe7 10. Qd2 Nd7 11. Bxd6 Qxd6 12. Qf4 Qxf4 1/2-1/2

[Event "XIII. DBMM 2013"]
[Site "?"]
[Date "2013.09.27"]
[Round "4.1"]
[White "Schulz, Michael"]
[Black "Segerberg, Tomas"]
[Result "1-0"]
[WhiteElo "2249"]
[BlackElo "1996"]
[PlyCount "57"]
[EventDate "2013.01.19"]

1. e4 e6 2. Nf3 d5 3. e5 c5 4. b4 d4 5. bxc5 Bxc5 6. Bd3 Ne7 7. O-O O-O 8. Qe2
Bd7 9. Ba3 Qa5 10. Bxc5 Qxc5 11. c3 dxc3 12. Nxc3 Ng6 13. Ne4 Qe7 14. g3 Bc6
15. Bb5 Bxb5 16. Qxb5 Nc6 17. d4 Rfd8 18. Nd6 Rab8 19. Rad1 f6 20. Qc5 fxe5 21.
dxe5 Qc7 22. Kg2 Qa5 23. Qc4 Nf8 24. Nxb7 Rxd1 25. Nxa5 Nxa5 26. Qc7 Rxf1 27.
Qxb8 Nc6 28. Qc8 Ne7 29. Qb7 1-0

[Event "XIII. DBMM 2013"]
[Site "?"]
[Date "2013.09.27"]
[Round "4.2"]
[White "Lichtenstern, Elmar"]
[Black "Jaehnisch, Frank"]
[Result "1/2-1/2"]
[WhiteElo "2127"]
[BlackElo "2220"]
[PlyCount "27"]
[EventDate "2013.01.19"]

1. d4 Nf6 2. Bg5 Ne4 3. Bf4 d5 4. Nd2 Bf5 5. Ngf3 e6 6. e3 Bd6 7. Bxd6 Qxd6 8.
c3 Nd7 9. Nh4 Bg6 10. Nxg6 hxg6 11. Nxe4 dxe4 12. g3 f5 13. Qb3 O-O 14. Bc4
1/2-1/2

[Event "XIII. DBMM 2013"]
[Site "?"]
[Date "2013.09.27"]
[Round "4.3"]
[White "Gebert-Vangeel, Ralf"]
[Black "Jachs, Walter"]
[Result "1/2-1/2"]
[WhiteElo "2059"]
[BlackElo "2029"]
[PlyCount "55"]
[EventDate "2013.01.19"]

1. e4 d6 2. d4 Nf6 3. Nc3 g6 4. f4 Bg7 5. Nf3 c5 6. Bb5+ Bd7 7. e5 Ng4 8. e6
Bxb5 9. exf7+ Kd7 10. Nxb5 Qa5+ 11. Nc3 cxd4 12. Nxd4 h5 13. h3 Nh6 14. Be3 Nc6
15. O-O Nf5 16. Nxf5 Qxf5 17. Qe2 Raf8 18. Rad1 Bxc3 19. bxc3 Qe4 20. Rb1 Kc8
21. Qf2 Qa4 22. Bd4 Rh7 23. Qe3 Rhxf7 24. Qe6+ Kb8 25. Qd7 Qa6 26. Qe6 Qa4 27.
Qd7 Qa6 28. Qe6 1/2-1/2

[Event "XIII. DBMM 2013"]
[Site "?"]
[Date "2013.09.27"]
[Round "4.4"]
[White "Liefrink, Feike"]
[Black "Rath, Alina"]
[Result "1/2-1/2"]
[WhiteElo "2065"]
[BlackElo "1998"]
[PlyCount "71"]
[EventDate "2013.01.19"]

1. e4 c5 2. d4 cxd4 3. c3 d5 4. Qxd4 dxe4 5. Qxe4 Nf6 6. Bb5+ Nbd7 7. Qe2 a6 8.
Ba4 b5 9. Bb3 Bb7 10. Nf3 e6 11. Bf4 Be7 12. Nbd2 O-O 13. O-O Nc5 14. Bc2 Qb6
15. Be5 Qc6 16. Rfe1 Rfd8 17. Nf1 Bd6 18. Rad1 Bxe5 19. Qxe5 Rd5 20. Rxd5 Qxd5
21. Rd1 Qxe5 22. Nxe5 Bd5 23. b3 Rc8 24. c4 bxc4 25. bxc4 Bb7 26. Ne3 Kf8 27.
f3 Ke7 28. Kf2 g6 29. Rb1 Rc7 30. Ke2 Nfd7 {(R)} 31. Nd3 Nxd3 32. Bxd3 Nc5 33.
Bc2 Rd7 34. Rd1 Rxd1 35. Nxd1 f5 36. Nf2 1/2-1/2

[Event "XIII. DBMM 2013"]
[Site "?"]
[Date "2013.09.27"]
[Round "4.1"]
[White "Mueller, Ralf"]
[Black "Kosak, Robert"]
[Result "1-0"]
[WhiteElo "2395"]
[BlackElo "2219"]
[PlyCount "57"]
[EventDate "2013.01.19"]

1. d4 e6 2. c4 d5 3. Nf3 Nf6 4. g3 c6 5. Qc2 Be7 6. Nbd2 O-O 7. Bg2 Nbd7 8. O-O
b6 9. e4 Bb7 10. e5 Ne8 11. cxd5 exd5 12. Re1 Nc7 13. Nf1 Ne6 14. Ne3 g6 15.
Ng4 h5 16. Nh6+ Kg7 17. Qd2 Rh8 18. h4 Nef8 19. Bh3 c5 20. g4 hxg4 21. Bxg4
Bxh4 22. Kg2 Be7 23. Rh1 Qe8 24. Qe1 cxd4 25. Qg1 Rc8 26. Qh2 Rh7 27. Be6 Rxc1
28. Raxc1 fxe6 29. Rc7 1-0

[Event "XIII. DBMM 2013"]
[Site "?"]
[Date "2013.09.27"]
[Round "4.2"]
[White "Jostes, Marko"]
[Black "Scharrer, Udo"]
[Result "1/2-1/2"]
[WhiteElo "2083"]
[BlackElo "2036"]
[PlyCount "48"]
[EventDate "2013.01.19"]

1. c4 g6 2. g3 Bg7 3. Bg2 d6 4. Nc3 Nf6 5. e4 O-O 6. Nge2 c5 7. a3 Nc6 8. d3
Rb8 9. Rb1 a5 10. O-O Ne8 11. Nb5 Nc7 12. Nec3 Nxb5 13. Nxb5 Nd4 14. Nxd4 Bxd4
15. b4 cxb4 16. axb4 axb4 17. Rxb4 Bd7 18. Bh6 Re8 19. Qb3 Bc6 20. Be3 Bc5 21.
Bxc5 dxc5 22. Rb6 Qd4 23. Rb1 Rbd8 24. Bf1 Ra8 1/2-1/2

[Event "XIII. DBMM 2013"]
[Site "?"]
[Date "2013.09.27"]
[Round "4.3"]
[White "Wepfer, Bernd"]
[Black "Kassner, Ralph"]
[Result "0-1"]
[WhiteElo "1897"]
[BlackElo "1758"]
[PlyCount "120"]
[EventDate "2013.01.19"]

1. Nf3 Nf6 2. g3 e6 3. Bg2 d5 4. O-O c5 5. c4 Nc6 6. b3 g6 7. cxd5 exd5 8. d4
b6 9. Bb2 Bg7 10. Nc3 O-O 11. e3 Bf5 12. Ne5 Ne7 13. dxc5 bxc5 14. Na4 Rc8 15.
Rc1 Qd6 16. Nd3 c4 17. Nf4 Rfd8 18. bxc4 dxc4 19. Qxd6 Rxd6 20. Ba3 Ra6 21.
Bxe7 Rxa4 22. Bxf6 Bxf6 23. Nd5 Kg7 24. e4 Be6 25. Rc2 Bd4 26. Rb1 c3 27. Rb7
Rc6 28. Bf1 Bxd5 29. exd5 Rb6 30. Rxb6 axb6 31. Bb5 Rb4 32. a4 Rb2 33. Bd3 Kf6
34. Kf1 Ke5 35. Ke2 Kxd5 36. f3 Kc5 37. Rxb2 cxb2 38. Kd2 Kb4 39. Bc2 Ka3 40.
Bb1 Kxa4 41. g4 Kb3 42. Kd3 Be5 43. h3 Bg3 44. Kd2 g5 45. Kd3 Bf4 46. Kd4 h6
47. Kd3 Be5 48. Kd2 f6 49. Kd3 b5 50. Kd2 Kc4 51. Ba2+ Kd4 52. Kc2 Ke3 53. Bd5
Kf4 54. Bc6 b4 55. Bd5 Kg3 56. Be4 Kxh3 57. Bd5 Kg3 58. Be4 Kf4 59. Bd5 f5 60.
gxf5 Kxf5 0-1

[Event "XIII. DBMM 2013"]
[Site "?"]
[Date "2013.09.27"]
[Round "4.4"]
[White "Seeger, Ernst"]
[Black "Bangert, Udo"]
[Result "1/2-1/2"]
[WhiteElo "1677"]
[BlackElo "1895"]
[PlyCount "50"]
[EventDate "2013.01.19"]

1. d4 Nf6 2. Nf3 d5 3. e3 e6 4. Bd3 c5 5. c3 Nbd7 6. Nbd2 Bd6 7. O-O O-O 8. e4
dxe4 9. Nxe4 Nxe4 10. Bxe4 Nf6 11. Bc2 cxd4 12. cxd4 h6 13. Qd3 Qc7 14. Be3 Bd7
15. Qd2 Ng4 16. h3 Nxe3 17. fxe3 Bg3 18. Rac1 Qd6 19. Qd3 g6 20. Ne5 Bxe5 21.
dxe5 Qxd3 22. Bxd3 Bc6 23. Bc4 Kg7 24. g3 Rad8 25. Rfd1 Bf3 1/2-1/2

[Event "XIII. DBMM 2013"]
[Site "?"]
[Date "2013.09.27"]
[Round "4.1"]
[White "Fass, Helmut"]
[Black "Behrendt, Clemens"]
[Result "0-1"]
[WhiteElo "1531"]
[BlackElo "2090"]
[PlyCount "72"]
[EventDate "2013.01.19"]

1. d4 Nf6 2. c4 g6 3. Nc3 d5 4. cxd5 Nxd5 5. e4 Nxc3 6. bxc3 Bg7 7. Ne2 c5 8.
Be3 Qa5 9. Qd2 O-O 10. h3 cxd4 11. cxd4 Qxd2+ 12. Bxd2 Nc6 13. Bc3 Rd8 14. Rd1
e6 15. g3 b6 16. Bg2 Ba6 17. e5 Rac8 18. Bb2 Bf8 19. f4 Nb4 20. Be4 Bc4 21. a3
Bd5 22. Bxd5 Nxd5 23. Kd2 Rc4 24. Ra1 b5 25. Rhc1 Nb6 26. Ng1 Rdc8 27. Ne2 a6
28. Rab1 Be7 29. Ra1 f5 30. h4 Kf7 31. Rab1 Ke8 32. Ra1 Kd7 33. Rab1 R8c6 34.
Ra1 h6 35. Rab1 Rxc1 36. Rxc1 Nc4+ 0-1

[Event "XIII. DBMM 2013"]
[Site "?"]
[Date "2013.09.27"]
[Round "4.2"]
[White "Liebersbach, Siegmund"]
[Black "Hueners, Rolf"]
[Result "1-0"]
[WhiteElo "1730"]
[BlackElo "1400"]
[PlyCount "47"]
[EventDate "2013.01.19"]

1. e4 e5 2. Nf3 d6 3. d4 Nd7 4. Bc4 Ngf6 5. Ng5 d5 6. exd5 Nb6 7. Bb5+ Bd7 8.
Bxd7+ Nbxd7 9. dxe5 Nxe5 10. Qe2 Bd6 11. f4 Nxd5 12. fxe5 Be7 13. Ne4 O-O 14.
O-O Qd7 15. c4 Nb4 16. Rd1 Qf5 17. Ng3 Bc5+ 18. Kh1 Qf2 19. Qxf2 Bxf2 20. Na3
Rad8 21. Bg5 Rd3 22. Be7 Re8 23. Bxb4 Re3 24. Bc5 1-0

[Event "XIII. DBMM 2013"]
[Site "?"]
[Date "2013.09.27"]
[Round "4.3"]
[White "Mikoteit, Siegfried"]
[Black "Uhlarz, Joerg"]
[Result "1-0"]
[WhiteElo "1327"]
[BlackElo "1753"]
[PlyCount "157"]
[EventDate "2013.01.19"]

1. e4 e5 2. Nf3 Nc6 3. a3 d6 4. d4 Bg4 5. Bb5 Bxf3 6. Qxf3 exd4 7. Qd3 Qf6 8.
Nd2 a6 9. Bxc6+ bxc6 10. Nf3 c5 11. O-O h6 12. Re1 Qe6 13. e5 d5 14. c3 dxc3
15. bxc3 g5 16. Be3 c4 17. Qb1 Ne7 18. Qb7 Rc8 19. Bc5 Qc6 20. Qb4 Qe6 21. Nd4
Qd7 22. e6 Qd8 23. Qa4+ c6 24. Bxe7 Bxe7 25. Nxc6 Rxc6 26. Qxc6+ Kf8 27. exf7
Rh7 28. Qe8+ Qxe8 29. fxe8=R+ Kxe8 30. Re6 a5 31. a4 Kd7 32. Rae1 Bd6 33. Rg6
Bf4 34. Rd1 Re7 35. Rxd5+ Ke8 36. g3 Re1+ 37. Kg2 Kf7 38. Ra6 Be5 39. Rc5 Bxc3
40. Rxc4 Bb4 41. Rxh6 Kg7 42. Ra6 Re7 43. Rcc6 Re5 44. Rc7+ Be7 45. Raa7 Kf6
46. Rxe7 Rxe7 47. Rxe7 Kxe7 48. f4 g4 49. Kf2 Kd6 50. Ke3 Kd5 51. Kd3 Kc5 52.
Kc3 Kd5 53. Kb3 Kc5 54. f5 Kd5 55. f6 Ke6 56. f7 Kxf7 57. Kc4 Ke6 58. Kb5 Kd5
59. Kxa5 Kc5 60. Ka6 Kc6 61. a5 Kc7 62. Kb5 Kb7 63. Kc5 Ka6 64. Kd5 Kxa5 65.
Ke5 Kb6 66. Kf5 Kc6 67. Kxg4 Kd6 68. Kf5 Ke7 69. h4 Kf7 70. g4 Kg7 71. g5 Kf7
72. h5 Kg7 73. Ke6 Kf8 74. Kf6 Kg8 75. g6 Kf8 76. g7+ Kg8 77. h6 Kh7 78. Kf7
Kxh6 79. g8=Q 1-0

[Event "XIII. DBMM 2013"]
[Site "?"]
[Date "2013.09.27"]
[Round "4.4"]
[White "Nitsch, Norbert"]
[Black "Waltz, Juergen"]
[Result "1-0"]
[WhiteElo "1738"]
[BlackElo "1400"]
[PlyCount "53"]
[EventDate "2013.01.19"]

1. c4 c5 2. Nc3 Nc6 3. g3 g6 4. b3 b6 5. Bb2 Bg7 6. Bg2 Nf6 7. e3 e6 8. d4 cxd4
9. exd4 d5 10. cxd5 exd5 11. Nge2 O-O 12. O-O Re8 13. Nf4 Ne7 14. Re1 Bb7 15.
Qd3 Qd7 16. Ba3 Bf8 17. Bh3 Qc6 18. Rac1 Nf5 19. Rxe8 Qxe8 20. Bxf8 Kxf8 21.
Bxf5 gxf5 22. Qxf5 Qd8 23. Nh5 Nxh5 24. Qxh5 Kg7 25. Re1 Rc8 26. Qe5+ Kf8 27.
Qh8# 1-0

[Event "XIII. DBMM 2013"]
[Site "?"]
[Date "2013.09.28"]
[Round "5.1"]
[White "Hein, Ralf"]
[Black "Kettenburg, Stefan"]
[Result "0-1"]
[WhiteElo "2073"]
[BlackElo "2063"]
[PlyCount "118"]
[EventDate "2013.01.19"]

1. c4 Nf6 2. Nc3 e6 3. e4 d5 4. e5 d4 5. exf6 dxc3 6. fxg7 cxd2+ 7. Qxd2 Qxd2+
8. Bxd2 Bxg7 9. O-O-O c5 10. g3 Bd7 11. Be3 Bc6 12. f3 Nd7 13. Be2 b6 14. Nh3
Ne5 15. Rhf1 O-O 16. Ng5 Rfd8 17. f4 Ng6 18. h4 Ne7 19. g4 h6 20. Nf3 Be4 21.
h5 Kf8 22. Nh4 Ke8 23. f5 Rxd1+ 24. Bxd1 exf5 25. Nxf5 Nxf5 26. gxf5 f6 27. Bf3
Bxf3 28. Rxf3 Kf7 29. Kd2 Re8 30. Bf4 Re4 31. b3 Rd4+ 32. Kc3 Bf8 33. Bb8 a6
34. a4 Rh4 35. Bc7 Rxh5 {(R)} 36. Bxb6 Bd6 37. Ba5 Rh1 38. Rd3 Be5+ 39. Kd2 h5
40. Rd7+ Kg8 41. Rd8+ Kg7 42. Rd7+ Kg8 43. b4 cxb4 44. Bxb4 h4 45. Bd6 h3 46.
Rd8+ Kf7 47. Rd7+ Ke8 48. Re7+ Kd8 49. Rxe5 fxe5 50. Bxe5 h2 51. f6 Rd1+ 52.
Kxd1 h1=Q+ 53. Kd2 Qf3 54. Bd4 Kd7 55. a5 Qb3 56. c5 Qa2+ 57. Ke3 Qxa5 58. Ke4
Ke6 59. Ke3 Qb5 0-1

[Event "XIII. DBMM 2013"]
[Site "?"]
[Date "2013.09.28"]
[Round "5.2"]
[White "Baranowsky, Peter"]
[Black "Buchholz, Robert"]
[Result "0-1"]
[WhiteElo "1967"]
[BlackElo "2051"]
[PlyCount "193"]
[EventDate "2013.01.19"]

1. c4 e5 2. Nc3 Nc6 3. Nf3 Nf6 4. g3 Bb4 5. Bg2 O-O 6. O-O h6 7. a3 Bxc3 8.
bxc3 d6 9. d3 Be6 10. Rb1 Rb8 11. h3 Qd7 12. Kh2 Ne7 13. Be3 b6 14. Qb3 Nh5 15.
Qb5 f5 16. Qxd7 Bxd7 17. Bd2 Bc6 18. Ne1 Kh7 19. Bxc6 Nxc6 20. f4 e4 21. g4 Nf6
22. Kg3 fxg4 23. hxg4 Na5 24. Ng2 exd3 25. exd3 Nxc4 26. Bc1 Na5 27. Be3 Rbe8
28. Rf3 Nd5 29. c4 Nxe3 30. Rxe3 Rxe3+ 31. Nxe3 Re8 32. Kf3 Nc6 33. Rh1 Nd4+
34. Kf2 g6 35. Re1 Rf8 36. Kg3 Re8 37. Kf2 Re6 38. Kg3 Kg7 39. Kf2 Kf7 40. Rh1
Kg7 41. Re1 Kh7 42. Rh1 c6 43. Rb1 h5 44. Rh1 Kh6 45. f5 gxf5 46. Rxh5+ Kg6 47.
Nxf5 Re2+ 48. Kf1 Nxf5 49. Rxf5 Ra2 50. Rf8 Rxa3 51. Ke2 d5 52. cxd5 cxd5 53.
Ke3 Ra4 54. Rf5 d4+ 55. Ke4 Rb4 56. Rd5 a5 57. Kf4 a4 58. Rd6+ Kf7 59. Rd7+ Ke6
60. Ra7 b5 61. Ra6+ Kd5 62. g5 Rb1 63. Ra8 Rf1+ 64. Kg4 Kc5 65. g6 Kb4 66. Kg5
Kc3 67. g7 Rg1+ 68. Kf6 Kxd3 69. g8=Q Rxg8 70. Rxg8 Ke2 71. Re8+ Kf3 72. Rb8 d3
73. Rxb5 d2 74. Rd5 Ke2 75. Re5+ Kd3 76. Rd5+ Kc3 77. Kf5 a3 78. Ke4 a2 79.
Rc5+ Kb4 80. Rd5 Kc3 81. Rc5+ Kb3 82. Rd5 a1=Q 83. Rxd2 Qa5 84. Rd3+ Kc2 85.
Rd4 Qg5 86. Rd5 Qg4+ 87. Ke5 Kc3 88. Kd6 Qg6+ 89. Kc5 Qe6 90. Rd6 Qe5+ 91. Kc6
Kc4 92. Kd7 Kc5 93. Rc6+ Kd5 94. Ra6 Qg7+ 95. Ke8 Qb7 96. Rh6 Ke5 97. Rh5+ {
und hier überschritt Weiß die Zeit} 0-1

[Event "XIII. DBMM 2013"]
[Site "?"]
[Date "2013.09.28"]
[Round "5.3"]
[White "Kaliski, Achim"]
[Black "Koerlin, Hans-Juergen"]
[Result "0-1"]
[WhiteElo "1958"]
[BlackElo "1843"]
[PlyCount "58"]
[EventDate "2013.01.19"]

1. e4 e5 2. Nc3 Nf6 3. f4 d5 4. exd5 e4 5. Bb5+ Nbd7 6. Qe2 Bb4 7. Qc4 Bxc3 8.
dxc3 O-O 9. Bxd7 Qxd7 10. Ne2 Qxd5 11. Qxc7 Bg4 12. c4 Qe6 13. Nd4 Qa6 14. Nb5
Rad8 15. O-O Rc8 16. Qd6 Rc6 17. Qd4 Be2 18. Re1 Rxc4 19. Qxa7 Qxa7+ 20. Nxa7
Rxc2 21. b3 Nd5 22. Ba3 Ra8 23. Rec1 Rd2 24. Rc8+ Rxc8 25. Nxc8 Nxf4 26. Ne7+
Kh8 27. Rc1 h5 28. Nf5 Bd3 29. Ne3 Ne2+ 0-1

[Event "XIII. DBMM 2013"]
[Site "?"]
[Date "2013.09.28"]
[Round "5.4"]
[White "Quast, Michael"]
[Black "Groeppel, Peter"]
[Result "0-1"]
[WhiteElo "1708"]
[BlackElo "1934"]
[PlyCount "56"]
[EventDate "2013.01.19"]

1. b3 a5 2. a4 d5 3. Bb2 Bg4 4. f3 Bf5 5. e3 e6 6. Ne2 Nf6 7. Ng3 Bg6 8. d3 h5
9. Rg1 Bd6 10. d4 c6 11. Bd3 Qc7 12. Bxg6 Bxg3+ 13. hxg3 Qxg3+ 14. Kf1 Qxg6 15.
Nc3 h4 16. Qe2 Nh5 17. Qf2 Ng3+ 18. Ke1 Na6 19. Ba3 Kd7 20. Kd2 Nc7 21. Bc5 Qf6
22. Ke1 Na6 23. Qd2 Nxc5 24. dxc5 h3 25. Ne4 Qxa1+ 26. Kf2 Qxg1+ 27. Kxg1 h2+
28. Kf2 Nxe4+ 0-1

[Event "XIII. DBMM 2013"]
[Site "?"]
[Date "2013.09.28"]
[Round "5.1"]
[White "Gottschalk, Jens"]
[Black "Lotzien, Hans"]
[Result "1/2-1/2"]
[WhiteElo "2268"]
[BlackElo "2152"]
[PlyCount "95"]
[EventDate "2013.01.19"]

1. d4 d5 2. c4 c6 3. Nf3 dxc4 4. a4 Nf6 5. e3 Be6 6. Na3 Nbd7 7. Bxc4 Bxc4 8.
Nxc4 e6 9. O-O Be7 10. b3 O-O 11. Bb2 h6 12. Qe2 Ne4 13. Nfd2 Nxd2 14. Qxd2 Nf6
15. Rfd1 Qc7 {(R)} 16. Rac1 Rad8 17. b4 Rd5 18. Ne5 Qb6 19. Ba3 Re8 20. f3 a6
21. Kh1 Bf8 22. e4 Rdd8 23. Qb2 Qa7 24. Rd3 Nd7 25. Nc4 Nb6 26. Qb3 Nxc4 27.
Rxc4 Rd7 28. b5 axb5 29. axb5 Qa5 30. Bb4 Qxb5 31. Bxf8 Qxb3 32. Rxb3 Kxf8 33.
Kg1 Ra8 34. Kf2 Ra2+ 35. Kg3 Ke7 36. Rcb4 Rd2 37. Rxb7 R2xd4 38. R7b6 Rc7 39.
Rc3 Kd7 40. Rc5 Rd2 41. Kh3 f6 42. g4 e5 43. Kg3 Rd6 44. Rb8 Ke6 45. Rb6 Rc8
46. h4 Rc7 47. Kf2 Kd7 48. Rb8 1/2-1/2

[Event "XIII. DBMM 2013"]
[Site "?"]
[Date "2013.09.28"]
[Round "5.2"]
[White "Hemmann, Arnold"]
[Black "Werner, Gregor"]
[Result "1/2-1/2"]
[WhiteElo "2153"]
[BlackElo "2152"]
[PlyCount "107"]
[EventDate "2013.01.19"]

1. e4 d6 2. d4 Nf6 3. Bc4 c6 4. Qe2 d5 5. exd5 cxd5 6. Bb5+ Nc6 7. c3 Bg4 8. f3
Bf5 9. Bg5 e6 10. Nd2 Be7 11. Nf1 h6 12. Bf4 a6 13. Bd3 Bxd3 14. Qxd3 Bd6 15.
Ne2 O-O 16. Bxd6 Qxd6 17. Nd2 e5 18. O-O Rfe8 19. Ng3 exd4 20. cxd4 Qf4 21. Nb3
a5 22. Rad1 a4 23. Nc1 Re3 24. Qd2 Rae8 25. Nce2 Qg5 26. Rf2 R3e7 27. Qxg5 hxg5
28. Nc3 Ra8 29. Nf5 Re6 30. g4 g6 31. Ng3 a3 32. b3 Nb4 33. Re2 Rxe2 34. Ngxe2
Rc8 35. Rd2 Kf8 36. Kf2 Ke7 37. Nb5 Ra8 38. Nc1 Kd7 39. Nd3 Nxd3+ 40. Rxd3 Kc6
41. Nc3 b5 42. Rd2 Kb6 43. Re2 Rc8 44. Nd1 Rc1 45. Ne3 Rh1 46. Kg2 Rb1 47. Kf2
Rb2 48. Ke1 Ka5 49. Kd1 Rb1+ 50. Kc2 Ra1 51. Kd3 b4 52. Rc2 Kb6 53. Kd2 Kb7 54.
Kd3 1/2-1/2

[Event "XIII. DBMM 2013"]
[Site "?"]
[Date "2013.09.28"]
[Round "5.3"]
[White "Lipp, Hubert"]
[Black "Broehl, Stephan"]
[Result "0-1"]
[WhiteElo "2064"]
[BlackElo "2131"]
[PlyCount "56"]
[EventDate "2013.01.19"]

1. e4 c6 2. d4 d5 3. exd5 cxd5 4. c4 Nf6 5. Nc3 Nc6 6. Nf3 Be6 7. c5 g6 8. Bb5
Bg7 9. Ne5 Bd7 10. Bxc6 bxc6 11. O-O O-O 12. Re1 Be8 13. h3 Qc8 14. g4 Nd7 15.
Bf4 e6 16. Qd2 f6 17. Nd3 Bf7 18. Bd6 Re8 19. f4 Qa6 20. b3 h6 21. Re2 g5 22.
fxg5 hxg5 23. Ne1 e5 24. dxe5 fxe5 25. Nf3 e4 26. Nxg5 Bxc3 27. Qxc3 Qxe2 28.
Rf1 Qd3 0-1